000 00509nam a2200145Ia 4500
008 090124s9999 xx 000 0 und d
082 _b34421
245 _a निवडक: श्री.म.माटे भाग 1
250 _a1
260 _b"हर्डीकर विनय, म.श्री.माटे"
_c2007
300 _a298
630 _a निवडक: श्री.म.माटे भाग 1
730 _a निवडक: श्री.म.माटे भाग 1
942 _cBOOK
999 _c200224
_d200224